| 000 | 00489nam a22001817a 4500 | ||
|---|---|---|---|
| 005 | 20260513151602.0 | ||
| 008 | 260513b |||||||| |||| 00| 0 eng d | ||
| 020 | _a9781526426628 | ||
| 041 | _aEng | ||
| 082 | _a311.2 ARI | ||
| 100 | _aAriel, Barak | ||
| 245 | _aExperimental Designs | ||
| 260 |
_aLos Angels _bSage _c2021 |
||
| 300 | _a224;. P. 23 cm | ||
| 650 | _aScience--Experiments; Mathematical statistics | ||
| 700 | _aBland, Matthew P. and Sutherland, Alex | ||
| 942 | _cBK | ||
| 999 |
_c46560 _d46560 |
||